2k highest rated players - Statistics

General Stats
  • This quiz has been taken 10 times
  • The average score is 3 of 70
Answer Stats
Year Overall Player % Correct
2023 97 Giannis Antetokounmpo
100%
2023 96 LeBron James
71%
2023 96 Nikola Jokic
57%
2023 96 Joel Embiid
29%
2023 96 Luka Doncic
14%
2022 96 Stephen Curry
14%
2016 92 Anthony Davis
0%
2014 93 Carmelo Anthony
0%
2011 93 Carmelo Anthony
0%
2015 91 Chris Paul
0%
2014 94 Chris Paul
0%
2013 94 Chris Paul
0%
2012 93 Chris Paul
0%
2011 95 Chris Paul
0%
2010 94 Chris Paul
0%
2013 96 Dwight Howard
0%
2012 93 Dwight Howard
0%
2010 89 Dwight Howard
0%
2012 96 Dwyane Wade
0%
2011 97 Dwyane Wade
0%
2010 96 Dwyane wade
0%
2022 96 Giannis Antetokounmpo
0%
2021 97 Giannis Antetokounmpo
0%
2020 96 Giannis Antetokounmpo
0%
2021 96 James Harden
0%
2020 96 James Harden
0%
2019 96 James Harden
0%
2019 95 James Harden
0%
2016 93 James Harden
0%
2021 96 Kawhi Leonard
0%
2020 97 Kawhi Leonard
0%
2019 94 Kawhi Leonard
0%
2018 95 Kawhi Leonard
0%
2017 93 Kawhi Leonard
0%
2022 96 Kevin Durant
0%
2020 96 Kevin Durant
0%
2019 97 Kevin Durant
0%
2018 96 Kevin Durant
0%
2017 93 Kevin Durant
0%
2016 91 Kevin Durant
0%
2015 95 Kevin Durant
0%
2014 95 Kevin Durant
0%
2013 94 Kevin Durant
0%
2015 89 Kobe Bryant
0%
2014 93 Kobe Bryant
0%
2013 93 Kobe Bryant
0%
2012 94 Kobe Bryant
0%
2011 97 Kobe Bryant
0%
2010 97 Kobe Bryant
0%
2022 96 LeBron James
0%
2021 97 LeBron James
0%
2020 97 LeBron James
0%
2019 98 LeBron James
0%
2018 97 LeBron James
0%
2017 96 LeBron James
0%
2016 94 LeBron James
0%
2015 98 LeBron James
0%
2014 99 LeBron James
0%
2013 98 LeBron James
0%
2012 98 LeBron James
0%
2011 97 LeBron James
0%
2010 96 LeBron James
0%
2022 95 Nikola Jokic
0%
2018 94 Russell Westbrook
0%
2017 93 Russell Westbrook
0%
2021 95 Stephen Curry
0%
2019 95 Stephen Curry
0%
2017 94 Stephen Curry
0%
2016 93 Stephen Curry
0%
2015 90 Tim Duncan
0%
No matching quizzes found
Score Distribution
Percent of People with Each Score
Percentile by Number Answered
Your Score History
You have not taken this quiz